Movies Quiz

Random Movies or Numbers Quiz

Just Be Close: Movie Edition Quiz Stats

 Plays Quiz Updated Mar 13, 2019

Score 0/20 Timer 05:00
2 Plays Today
Clue Close? % Correct
Number of angry men in a 1957 Sydney Lumet film ???
96.7%
Official number of James Bond movie productions ???
81.9%
Number of exes defeated by the title character to win over his love Ramona, in 'Scott Pilgrim vs. the World' ???
79.1%
Dresses in a 2007 Katherine Heigl film ???
72.8%
Minimum speed (in mph) the bus had to maintain without setting off the explosives, in the movie 'Speed'???
68.7%
Speed needed to be reached (in mph) to go ‘Back to the Future’ in the movie of the same name ???
65.2%
Star Wars episode number of 'The Last Jedi' multiplied by the episode number of 'The Empire Strikes Back' ???
58.3%
The rank of Jaws as villain on the AFI's list of 100 Heroes and Villains.???
52.9%
Flight number of the doomed September 11th United Airlines flight in a 2006 movie???
47%
Intelligence Quotient (IQ) of Forrest Gump ???
45.3%
Clue Close? % Correct
Total hours worked according to the title of a Jane Fonda 1980 film???
43.8%
Number of Academy Award nominations earned for the Godfather trilogy???
43.6%
Number of Naked Gun movies made, if all the title numbers are added up (rounded)???
41.4%
Weight (in pounds) of E.T. when he stepped on the scale in the film???
33.7%
Number years a slave of Solomon Northup times the number of 'Hateful' members in a 2015 Tarantino film???
28.6%
The number of first dates Adam Sandler and Drew Barrymore had plus the title number in a 2013 Jackie Robinson film???
23.6%
Points deduction Harry, Ron and Hermoine each receive for sneaking out after hours in 'Harry Potter and the Sorcerer's Stone'???
23.2%
Runtime of the movie 'The Nightmare Before Christmas', in minutes???
20%
Estimated number of years elapsed in the movie Groundhog Day before Phil Connors wakes up to a 'new' day (according to 'Obsessed with Film')???
19.9%
Minimum Daily Pay (in dollars), as per California law, for non-union background actors???
8.7%

You're not logged in!

Compare scores with friends on all Sporcle quizzes.
OR
Log In

Sporcle TV

Today on Sporcle TV


Watch our educational content, quiz creation guides, and fun videos on Sporcle TV.

Show Comments

Extras

Top Quizzes Today


Score Distribution

Your Account Isn't Verified!

In order to create a playlist on Sporcle, you need to verify the email address you used during registration. Go to your Sporcle Settings to finish the process.

Report this User

Report this user for behavior that violates our Community Guidelines.

Details: